000 00516nam a2200181Ia 4500
005 20250326123848.0
008 250326s9999 xx 000 0 und d
037 _aTextbook
040 _aFMSL
_beng
_cFMSL
041 _aeng
_2eng
084 _aS(X:8) L5
_qFMSL
100 _aHicks H G
_9736269
245 0 _aOrganizations: theory and behaviour
_cHicks H G; Gullett C R
260 _aNew Delhi
_bNew Delhi, McGraw-Hill
_c1975
300 _a446p
942 _cTB
_hS(X:8) L5
999 _c1271249
_d1271249